Les 50 footballeurs les plus riches. - Statistiques

Statistiques générales
  • Ce quiz a été pris 1 833 fois
  • Le résultat moyen est 17 sur 50
Statistiques - réponses
Richesse
en euros
Joueur Pays % Correct
632M Cristiano Ronaldo Portugal
99%
568,5M Lionel Messi Argentine
97%
146,6M Kylian Mbappé France
95%
146,6M Ronaldo Brésil
93%
183,4M Neymar Brésil
87%
114,5M Zinedine Zidane France
77%
73,3M Karim Benzema France
60%
174,2M Zlatan Ibrahimovic Suède
58%
132,8M Gareth Bale Pays de Galles
56%
82,5M Mohamed Salah Egypte
56%
82,5M Ronaldinho Brésil
50%
68,7M Luka Modric Croatie
49%
68.7M Luis Suarez Uruguay
47%
412M David Beckham Angleterre
46%
120M Paul Pogba France
46%
82,5M Robert Lewandowski Pologne
46%
123,7M Thierry Henry France
45%
110M Andres Iniesta Espagne
43%
82,5M Didier Drogba Côte D'ivoire
43%
87M Samuel Eto'o Cameroun
39%
110M Eden Hazard Belgique
38%
155,7M Wayne Rooney Angleterre
38%
82,5M James Rodriguez Colombie
37%
82,5M Sergio Ramos Espagne
35%
105,4M Philipp Lahm Allemagne
31%
78M Gerard Piqué Espagne
26%
82,5M Kaka Brésil
26%
78M Arjen Robben Pays-Bas
23%
64,1M Franck Ribéry France
22%
82,5M Frank Lampard Angleterre
21%
64,1M Falcao Colombie
20%
67,8M Rivaldo Brésil
20%
82,5M Steven Gerrard Angleterre
20%
91,6M Fernando Torres Espagne
17%
9,6Mrd Mathieu Flamini France
16%
78M Sergio Aguero Argentine
16%
68,7M Rio Ferdinand Angleterre
14%
101M Francesco Totti Italie
13%
110M Mesut Ozil Allemagne
12%
20,12Mrd Faiq Bolkiah Brunei
9%
73,3M Mario Balotelli Italie
9%
64,1M Oscar Brésil
9%
91,6M Raul Espagne
9%
73,3M Hulk Brésil
8%
64,1M John Terry Angleterre
8%
91,6M Bastian Schweinsteiger Allemagne
6%
68,7M David De Gea Espagne
6%
137,5M Alexandre Pato Brésil
5%
192,6M Dave Whelan Angleterre
2%
82,5M Fabio Capello Italie
1%
Aucun quiz correspondant
Distribution des résultats
% des personnes avec chaque résultat
Percentile par nombre de réponses
Votre historique - résultats
Vous n’avez pas pris ce quiz